000 01052nab a22002297a 4500
999 _c5265
_d5265
003 OSt
005 20250312062538.0
008 190603e xxum|||| |||| 00| 0 spa d
040 _cPJ
100 _aLeonardi, Juan Manuel
_95456
245 1 3 _aLos alimentos provisorios no son un piso ni la resolución que los otorga constituye cosa juzgada /
_cJuan Manuel Leonardi.
260 _cCiudad Autónoma de Buenos Aires :
_aThomson Reuters La Ley,
_b2025.
300 _ap. 225-228.
500 _aCita Online: TR LALEY AR/DOC/50/2025. Publicado en: RCCyC 2025 (febrero) , 225.
505 _aFallo comentado: ST Corrientes ~ 18/09/2024 ~ M. C. E. c. S. P. E. s/ alimentos.
505 _t¿Te interesa el texto completo? Solicitalo al correo: koha@justierradelfuego.gov.ar
650 0 _9967
_aDERECHO DE FAMILIA
650 0 _9968
_aALIMENTOS
650 0 _96320
_aALIMENTOS PROVISORIOS
773 0 _02713
_93170
_dCiudad Autónoma de Buenos Aires : Thomson Reuters La Ley, 2015-
_tRevista Código Civil y Comercial. Nº 1 - Febrero 2025
942 _2udc
_cANA